000 00300nam a22001097a 4500
008 160624b xxu||||| |||| 00| 0 eng d
100 _9978
_aRamarao, V,
245 _aCurrent Prosefor Better Learning
260 _aMadras
_bMcMillian
_c1987
300 _aCurrent Prosefor Better Learning
942 _2ddc
_cBK
999 _c781
_d781